Statistics for Mammals by Picture #2

Click here to take the quiz!

General Stats

  • This quiz has been taken 10,944 times
  • The average score is 14 of 18

Answer Stats

Answer % Correct
Lion
100%
Hippopotamus
97%
Bat
97%
Donkey
96%
Giraffe
95%
Chimpanzee
91%
Platypus
90%
Hyena
90%
Jaguar
81%
Hedgehog
81%
Lemur
78%
Mole
78%
Mountain Goat
69%
Wildebeest
61%
Aardvark
59%
Wolverine
47%
Prairie Dog
46%
Tarsier
19%

Score Distribution

Percentile by Number Answered

Percent of People with Each Score

Your Score History

You have not taken this quiz